Salamanca monumental / (Record no. 177210)

MARC details
000 -LEADER
campo de control de longitud fija 00717nam a22002175i 4500
001 - NÚMERO DE CONTROL
campo de control 177210
003 - IDENTIFICADOR DE NÚMERO DE CONTROL
campo de control ES-MaACL
005 - FECHA Y HORA DE LA ÚLTIMA TRANSACCIÓN
campo de control 20230906220258.0
008 - DATOS DE LONGITUD FIJA--INFORMACIÓN GENERAL
campo de control de longitud fija 110308s1959 sp o |||| | spa d
080 ## - NÚMERO DE LA CLASIFICACIÓN DECIMAL UNIVERSAL
Número de la Clasificación Decimal Universal 725.94(460.187 S.)
100 1# - ENTRADA PRINCIPAL--NOMBRE DE PERSONA
Nombre de persona García Boiza, Antonio.
9 (RLIN) 54278
245 10 - MENCIÓN DEL TÍTULO
Título Salamanca monumental /
Mención de responsabilidad, etc. por Antonio García Boiza.
260 ## - PUBLICACIÓN, DISTRIBUCIÓN, ETC.
Lugar de publicación, distribución, etc. Madrid :
Nombre del editor, distribuidor, etc. Plus-Ultra,
Fecha de publicación, distribución, etc. [1959?]
300 ## - DESCRIPCIÓN FÍSICA
Extensión 156 p. :
Otras características físicas fot. bl. y n. ;
Dimensiones 22 cm.
490 1# - MENCIÓN DE SERIE
Mención de serie Los monumentos cardinales de España ;
Designación de volumen o secuencia 10
500 ## - NOTA GENERAL
Nota general Índices.
650 #4 - PUNTO DE ACCESO ADICIONAL DE MATERIA--TÉRMINO DE MATERIA
Término de materia o nombre geográfico como elemento de entrada Monumentos-
Subdivisión geográfica Salamanca (Provincia)
9 (RLIN) 169642
830 0# - PUNTO DE ACCESO ADICIONAL DE SERIE-TÍTULO UNIFORME
Título uniforme Los monumentos cardinales de España ;
Designación de volumen o secuencia 10
9 (RLIN) 190368
852 ## - LOCALIZACIÓN
Ubicación ES-MaACL
Número de control de estantería E-14623
Encuadernación Olim P-1021
Holdings
Estatus retirado Estado de pérdida Estado de daño No para préstamo Biblioteca de origen Biblioteca actual Ubicación en estantería Fecha de adquisición Fuente de adquisición Total de préstamos Signatura topográfica completa Código de barras Visto por última vez Precio de reemplazo Tipo de ítem Koha
        Biblioteca del Ateneo de Madrid Biblioteca del Ateneo de Madrid Depósito 2 08/03/2011     E-14623 1186118 23/02/2023 23/02/2023 Libro impreso